| 000 | 00677nam a22002053a 4500 | ||
|---|---|---|---|
| 005 | 20230927063832.0 | ||
| 008 | 011026s1996 ea r 000 0 spa d | ||
| 020 | _a9683102859 | ||
| 035 | _aUPN01000113552 | ||
| 049 | _aC | ||
| 050 | 4 |
_aPM3991 _bC3.5 1996 |
|
| 100 | 1 | _aCapen, Carole Jamieson | |
| 245 | 1 | 0 |
_aDiccionario mazateco de Chiquihuitlán, Oaxaca / _cCarole Jamieson Capen. |
| 260 |
_aTucson, E.U.A. : _bILVAC, _c1996. |
||
| 300 |
_axx, 322 p. : _eil. |
||
| 440 | 0 |
_aSerie de vocabularios y diccioanrios indígenas. _pMariano Silva y Aceves ; _v34 |
|
| 650 | 4 |
_aMAZATECO - _vDICCIONARIOS |
|
| 650 | 4 |
_aIndígenas de México _zOaxaca _xLenguas _917368 |
|
| 905 | _aLibro | ||
| 999 |
_c87460 _d87460 |
||